|
|
|
|
| LEADER |
00745nam a2200169Ia 4500 |
| 001 |
182361 |
| 008 |
170722s9999 xx 000 0 und d |
| 020 |
|
|
|a 9788130014968
|
| 100 |
|
|
|a Vilasini
|
| 245 |
|
|
|a Swa. Le. /
|
| 260 |
|
|
|a Kozhikode :
|b Poorna Publications ,
|c 2013.
|
| 300 |
|
|
|a 208 p.
|
| 923 |
|
|
|d 20130723
|n TMCR 22
|
| 942 |
|
|
|c GEN
|
| 999 |
|
|
|c 152058
|d 152058
|
| 952 |
|
|
|0 0
|1 0
|4 0
|6 M_2_000000000000000_32Q32KRQ321
|7 0
|8 KR
|9 214063
|a LIB
|b LIB
|d 2014-01-22
|e TBS Publishers&Distributors
|o M2 32Q32(KR)-Q32;1
|p 294575
|r 2018-04-19
|v 150.00
|w 2017-08-12
|y GEN
|
| 952 |
|
|
|0 0
|1 0
|4 0
|6 M_2_000000000000000_32Q32KRQ321
|7 0
|9 214064
|a LIB
|b LIB
|d 2014-01-22
|e TBS Publishers&Distributors
|l 1
|o M2 32Q32(KR)-Q32;1
|p 294576
|q 2020-11-20
|r 2020-10-21
|s 2020-10-21
|v 150.00
|w 2017-08-12
|y GEN
|